French novelists of to-day /

Bibliographic Details
Main Author: Whale, Winifred Stephens, 1870-1944
Format: Book
Language:English
Published: London : New York : J. Lane; J. Lane company, 1908.
Subjects:

MARC

Tag First Indicator Second Indicator Subfields
LEADER 00000cam a2200000 4500
001 in00000720986
005 20151016055642.0
008 750801s1908 enkc b 00010 eng u
010 |a  08019257  
035 |a (OCoLC)01498716 
035 |9 ADC7860AM 
040 |c JPL  |d TXA  |d UtOrBLW 
049 |a TXAM  |c [10510] 
050 0 0 |a PQ656  |b  .S8 
092 |a 843.09  |b S83 
100 1 |a Whale, Winifred Stephens,  |d 1870-1944. 
245 1 0 |a French novelists of to-day /  |c by Winifred Stephens; with protrait and bibliographies. 
264 1 |a London :  |b J. Lane;  |a New York :  |b J. Lane company,  |c 1908. 
300 |a xviii, 313 pages, 1 unnumbered page :  |b frontispiece (portrait) ;  |c 20 cm. 
336 |a text  |b txt  |2 rdacontent 
337 |a unmediated  |b n  |2 rdamedia 
338 |a volume  |b nc  |2 rdacarrier 
500 |a Each sketch preceded by a chronological list of the works of the author treated. 
505 0 |a Preface.--Anatole France.--Marcel Prevost.--Pierre de Coulevain.--Paul Bourget.--Maurice Barres.--Rene Basin.--Edouard Rod.--Pierre Loti. 
650 0 |a French fiction  |y 19th-20th centuries  |x History and criticism. 
999 |a MARS 
999 f f |s 572d53db-b960-38ed-9778-20338fbdbf90  |i 2a677c53-53f1-3ec8-9c17-6ffbd962373f  |t 0 
952 f f |p ric  |a Texas A&M University  |b Rellis Campus  |c Joint Library Facility  |d Remote Storage  |t 0  |e PQ656 .S8  |h Library of Congress classification  |i unmediated -- volume  |m A14801373958 
998 f f |a PQ656 .S8  |t 0  |l Remote Storage